| 000 | 00936cam a22003013a 4500 | ||
|---|---|---|---|
| 001 | 15920 | ||
| 003 | PGUSA | ||
| 005 | 20140828083336.0 | ||
| 008 | 050527s2005||||xxu|||||s|||||000 1 eng d | ||
| 040 |
_aPGUSA _beng |
||
| 042 | _adc | ||
| 050 | 4 | _aPZ | |
| 100 | 1 |
_aOptic, Oliver, _d1822-1897 |
|
| 245 | 1 | 0 |
_aOutward Bound Or, Young America Afloat : _bA Story of Travel and Adventure _h[electronic resource] / _cOliver Optic |
| 260 |
_bProject Gutenberg, _c2005 |
||
| 506 | _aPublic domain in the USA. | ||
| 516 | _aElectronic text | ||
| 653 | _aShips -- Juvenile fiction | ||
| 653 | _aSchools -- Juvenile fiction | ||
| 653 | _aSeafaring life -- Juvenile fiction | ||
| 653 | _aAdventure stories | ||
| 653 | _aChildren's stories | ||
| 653 | _aSailors -- Juvenile fiction | ||
| 653 | _aYoung men -- Juvenile fiction | ||
| 830 | 0 |
_aProject Gutenberg _v15920 |
|
| 856 | 4 | 0 | _uhttp://www.gutenberg.org/ebooks/15920 |
| 942 | _cEB | ||
| 999 |
_c245175 _d245175 |
||